[Event "Jessie Gilbert Celebration int."]
[Site "Coulsdon ENG"]
[Date "2008.08.19"]
[Round "4"]
[White "Storey, Charles"]
[Black "Gerzhoy, Leonid"]
[Result "1/2-1/2"]
[WhiteElo "2268"]
[BlackElo "2399"]
[PlyCount "89"]
[GameId "2129405094161058"]
[EventDate "2008.08.16"]
[EventType "swiss"]
[EventRounds "10"]
[EventCountry "ENG"]
[SourceTitle "The Week in Chess 720"]
[Source "Mark Crowther"]
[SourceDate "2008.08.25"]
[SourceVersion "2"]
[SourceVersionDate "2008.08.26"]
[SourceQuality "2"]

1. e4 Nf6 2. e5 Nd5 3. d4 d6 4. c4 Nb6 5. exd6 cxd6 6. Nc3 g6 7. Be3 Bg7 8. Rc1 O-O 9. b3 Nc6 10. d5 Ne5 11. Be2 a5 12. f4 Ned7 13. Nf3 Nc5 14. Nd4 e5 15. dxe6 Bxe6 16. Ndb5 a4 17. O-O axb3 18. axb3 Nc8 19. Bf3 Qa5 20. Bxc5 dxc5 21. Bxb7 Rb8 22. Qf3 Ne7 23. Be4 Nf5 24. Bxf5 Bxf5 25. Ra1 Qd8 26. Rad1 Qh4 27. h3 Bc2 28. Rd5 Bxb3 29. Rxc5 Rfd8 30. Kh2 Bf8 31. Rc6 Rbc8 32. Na7 Rxc6 33. Nxc6 Rc8 34. Qd5 Qf6 35. Ne5 Bxc4 36. Nxc4 Qxc3 37. Ne5 Qc7 38. Rb1 Rb8 39. Rxb8 Qxb8 40. Qc4 Qe8 41. Qd5 Bg7 42. Nd7 Qd8 43. g4 h6 44. Kg2 Qc7 45. Ne5 1/2-1/2

[Event "Jessie Gilbert Celebration int."]
[Site "Coulsdon ENG"]
[Date "2008.08.22"]
[Round "7"]
[White "Gerzhoy, Leonid"]
[Black "Radovanovic, Jovica"]
[Result "1-0"]
[WhiteElo "2399"]
[BlackElo "2325"]
[PlyCount "57"]
[GameId "2129405094169305"]
[EventDate "2008.08.16"]
[EventType "swiss"]
[EventRounds "10"]
[EventCountry "ENG"]
[SourceTitle "The Week in Chess 720"]
[Source "Mark Crowther"]
[SourceDate "2008.08.25"]
[SourceVersion "2"]
[SourceVersionDate "2008.08.26"]
[SourceQuality "2"]

1. e4 e5 2. Nf3 Nc6 3. Nc3 Nf6 4. Bb5 Bb4 5. O-O O-O 6. Bxc6 bxc6 7. Nxe5 Re8 8. Ng4 Nxe4 9. Nxe4 Rxe4 10. Nh6+ gxh6 11. d3 Re6 12. Qg4+ Rg6 13. Qxb4 d6 14. f3 Bh3 15. Rf2 Rb8 16. Qc3 Qh4 17. Bd2 Re8 18. g3 Re5 19. Qxc6 Rxg3+ 20. hxg3 Qxg3+ 21. Kh1 Qxf2 22. Qa8+ Kg7 23. Rg1+ Rg5 24. Bxg5 hxg5 25. Rxg5+ Kh6 26. Rg1 Bf5 27. Qf8+ Kh5 28. Qxf7+ Bg6 29. Qf4 1-0

[Event "Jessie Gilbert Celebration int."]
[Site "Coulsdon ENG"]
[Date "2008.08.23"]
[Round "8"]
[White "Berelowitsch, Alexander"]
[Black "Gerzhoy, Leonid"]
[Result "1-0"]
[WhiteElo "2557"]
[BlackElo "2399"]
[PlyCount "63"]
[GameId "2129405094169322"]
[EventDate "2008.08.16"]
[EventType "swiss"]
[EventRounds "10"]
[EventCountry "ENG"]
[SourceTitle "The Week in Chess 720"]
[Source "Mark Crowther"]
[SourceDate "2008.08.25"]
[SourceVersion "2"]
[SourceVersionDate "2008.08.26"]
[SourceQuality "2"]

1. e4 Nf6 2. e5 Nd5 3. d4 d6 4. Nf3 g6 5. Bc4 Nb6 6. Bb3 Bg7 7. a4 a5 8. Ng5 e6 9. f4 dxe5 10. fxe5 c5 11. c3 cxd4 12. O-O O-O 13. cxd4 Nc6 14. Nf3 f6 15. Nc3 fxe5 16. Bg5 Qd7 17. dxe5 Nxe5 18. Nxe5 Rxf1+ 19. Qxf1 Qd4+ 20. Kh1 Qxe5 21. Bd8 Qc5 22. Ne4 Qc6 23. Ng5 Nd5 24. Qf7+ Kh8 25. Rf1 Qd7 26. Qf3 h6 27. Nf7+ Kg8 28. Qe4 g5 29. Bxd5 exd5 30. Qg6 Qe6 31. Nxh6+ Kh8 32. Rf8+ 1-0

[Event "National Chess Congress"]
[Site "Philadelphia USA"]
[Date "2005.11.27"]
[Round "6"]
[White "Gerzhoy, Leonid"]
[Black "Tyehimba, Bem"]
[Result "1-0"]
[WhiteElo "2393"]
[BlackElo "2231"]
[PlyCount "53"]
[GameId "2129405115198427"]
[EventDate "2005.11.24"]
[EventType "swiss"]
[EventRounds "6"]
[EventCountry "USA"]
[SourceTitle "The Week in Chess 578"]
[Source "Mark Crowther"]
[SourceDate "2005.12.05"]
[SourceVersion "1"]
[SourceVersionDate "2005.12.05"]
[SourceQuality "2"]

1. Nf3 Nf6 2. c4 e6 3. g3 c5 4. Bg2 Nc6 5. Nc3 d5 6. cxd5 Nxd5 7. d4 Nxc3 8. bxc3 cxd4 9. cxd4 Bb4+ 10. Bd2 Qa5 11. O-O O-O 12. Bxb4 Qxb4 13. Rb1 Qa5 14. Qc2 Rb8 15. e4 Bd7 16. Rfc1 Rfc8 17. Qb3 b5 18. d5 exd5 19. exd5 Ne7 20. Ne5 Bf5 21. d6 Be6 22. Qf3 b4 23. Rxc8+ Rxc8 24. dxe7 Qxe5 25. Rd1 Re8 26. Rd8 Qe1+ 27. Bf1 1-0

[Event "Ettinger"]
[Site "Givataim ISR"]
[Date "2005.03.23"]
[Round "4"]
[White "Gerzhoy, Leonid"]
[Black "Volman, Horassio"]
[Result "1-0"]
[WhiteElo "2381"]
[BlackElo "2197"]
[PlyCount "107"]
[GameId "2129405121016759"]
[EventDate "2005.03.20"]
[EventType "tourn"]
[EventRounds "9"]
[EventCountry "ISR"]
[EventCategory "6"]
[SourceTitle "The Week in Chess 542"]
[Source "Mark Crowther"]
[SourceDate "2005.03.28"]
[SourceVersion "1"]
[SourceVersionDate "2005.03.28"]
[SourceQuality "2"]

1. Nf3 Nf6 2. c4 g6 3. Nc3 Bg7 4. e4 d6 5. d4 O-O 6. Be2 Bg4 7. Be3 Nfd7 8. Ng1 Bxe2 9. Ngxe2 e5 10. O-O Nc6 11. Rc1 f5 12. exf5 gxf5 13. f4 Nf6 14. dxe5 Ng4 15. Qd5+ Kh8 16. Bf2 Nxf2 17. Rxf2 dxe5 18. fxe5 Nxe5 19. Nf4 Ng4 20. Rd2 Qg5 21. Qf3 Rae8 22. h3 Ne5 23. Qf1 c6 24. Nce2 Rf7 25. b3 Bf8 26. Rcd1 Bb4 27. Rc2 Nd7 28. Kh1 Nc5 29. Nd3 Nxd3 30. Rxd3 Rfe7 31. Rf3 Re5 32. Kh2 Bd6 33. g3 Re3 34. Nf4 Bxf4 35. gxf4 Qf6 36. Rxe3 Rxe3 37. Qd1 h6 38. Rg2 Kh7 39. Qd7+ Re7 40. Qd8 h5 41. Qd1 Qh4 42. Qd6 Rg7 43. Rxg7+ Kxg7 44. Qd7+ Kg6 45. Qe8+ Kg7 46. Qe5+ Kg6 47. Kg2 Qf6 48. Kf3 Qxe5 49. fxe5 Kf7 50. c5 Ke6 51. Kf4 b6 52. cxb6 axb6 53. h4 b5 54. b4 1-0

[Event "Ettinger"]
[Site "Givataim ISR"]
[Date "2005.03.29"]
[Round "8"]
[White "Haimovich, Tal"]
[Black "Gerzhoy, Leonid"]
[Result "1/2-1/2"]
[WhiteElo "2382"]
[BlackElo "2381"]
[PlyCount "92"]
[GameId "2129405121016780"]
[EventDate "2005.03.20"]
[EventType "tourn"]
[EventRounds "9"]
[EventCountry "ISR"]
[EventCategory "6"]
[SourceTitle "The Week in Chess 543"]
[Source "Mark Crowther"]
[SourceDate "2005.04.04"]
[SourceVersion "1"]
[SourceVersionDate "2005.04.04"]
[SourceQuality "2"]

1. d4 Nf6 2. c4 e6 3. Nc3 Bb4 4. e3 O-O 5. Bd3 c5 6. Nf3 d5 7. O-O Nc6 8. a3 Bxc3 9. bxc3 Qc7 10. Bb2 dxc4 11. Bxc4 e5 12. h3 b6 13. Qe2 Bb7 14. Ba2 Rad8 15. Rfd1 e4 16. Nd2 Rfe8 17. Rac1 cxd4 18. cxd4 Qd7 19. Nc4 Ba6 20. Qc2 Bxc4 21. Qxc4 Rc8 22. Qb5 Qd6 23. Qb3 Rc7 24. Rc3 Na5 25. Qb4 Qxb4 26. axb4 Rxc3 27. Bxc3 Nb7 28. d5 Nd6 29. Bb3 Rc8 30. Be5 Nfe8 31. Ra1 Rc7 32. Ba4 f6 33. Bd4 Kf7 34. Bc6 Nf5 35. Bb2 Ned6 36. b5 Ne7 37. Ba3 Nec8 38. Bb4 g5 39. f3 Re7 40. Kf2 h5 41. Rd1 f5 42. Rd4 Kg6 43. f4 gxf4 44. exf4 Rh7 45. Ke3 Re7 46. g3 Rh7 1/2-1/2

[Event "Ettinger"]
[Site "Givataim ISR"]
[Date "2005.03.30"]
[Round "9"]
[White "Gerzhoy, Leonid"]
[Black "Bykhovsky, Avigdor"]
[Result "1/2-1/2"]
[WhiteElo "2381"]
[BlackElo "2451"]
[PlyCount "55"]
[GameId "2129405121016783"]
[EventDate "2005.03.20"]
[EventType "tourn"]
[EventRounds "9"]
[EventCountry "ISR"]
[EventCategory "6"]
[SourceTitle "The Week in Chess 543"]
[Source "Mark Crowther"]
[SourceDate "2005.04.04"]
[SourceVersion "1"]
[SourceVersionDate "2005.04.04"]
[SourceQuality "2"]

1. d4 Nf6 2. c4 e6 3. Nc3 Bb4 4. e3 d5 5. Nf3 c5 6. Bd3 O-O 7. O-O cxd4 8. exd4 dxc4 9. Bxc4 a6 10. Bg5 b5 11. Bb3 Bb7 12. Ne5 Nbd7 13. Qe2 Bxc3 14. bxc3 Qc7 15. Bxf6 Nxf6 16. Rac1 Nd7 17. c4 Nxe5 18. Qxe5 Qxe5 19. dxe5 bxc4 20. Rxc4 Bd5 21. Rb4 Rab8 22. Ra4 Bxb3 23. axb3 Rxb3 24. Rxa6 Rb2 25. Rfa1 h6 26. h3 Rd8 27. R6a2 Rxa2 28. Rxa2 1/2-1/2

[Event "Ashdod op"]
[Site "Ashdod ISR"]
[Date "2004.12.12"]
[Round "5"]
[White "Zilberman, Yaacov"]
[Black "Gerzhoy, Leonid"]
[Result "1/2-1/2"]
[WhiteElo "2459"]
[BlackElo "2372"]
[PlyCount "68"]
[GameId "2129405122714035"]
[EventDate "2004.12.09"]
[EventType "swiss"]
[EventRounds "9"]
[EventCountry "ISR"]
[SourceTitle "The Week in Chess 531"]
[Source "Mark Crowther"]
[SourceDate "2005.01.10"]
[SourceVersion "1"]
[SourceVersionDate "2005.01.10"]
[SourceQuality "2"]

1. d4 Nf6 2. c4 e6 3. Nc3 Bb4 4. e3 c5 5. Nge2 cxd4 6. exd4 d5 7. c5 O-O 8. a3 Bxc3+ 9. Nxc3 Nc6 10. Be2 b6 11. b4 bxc5 12. dxc5 d4 13. Nb5 e5 14. Nd6 Be6 15. O-O Ne8 16. Nxe8 Rxe8 17. Bb2 Rc8 18. Re1 Bd5 19. Qd2 Re6 20. g3 f5 21. Bf1 f4 22. Rad1 Rh6 23. b5 Qg5 24. Qe2 fxg3 25. fxg3 Qxg3+ 26. Qg2 Qg6 27. Qxg6 Rxg6+ 28. Kf2 Rf8+ 29. Ke2 Bf3+ 30. Kd2 Bxd1 31. Kxd1 Na5 32. Bc1 Kh8 33. c6 Nb3 34. Bh3 Nxc1 1/2-1/2

[Event "Wch-U18"]
[Site "Heraklio GRE"]
[Date "2004.11.05"]
[Round "2"]
[White "Gerzhoy, Leonid"]
[Black "Dzagnidze, Nana"]
[Result "1/2-1/2"]
[WhiteElo "2372"]
[BlackElo "2484"]
[PlyCount "97"]
[GameId "2129405123222279"]
[EventDate "2004.11.04"]
[EventType "swiss"]
[EventRounds "11"]
[EventCountry "GRE"]
[SourceTitle "The Week in Chess 522"]
[Source "Mark Crowther"]
[SourceDate "2004.11.08"]
[SourceVersion "1"]
[SourceVersionDate "2004.11.08"]
[SourceQuality "2"]

1. d4 Nf6 2. c4 e6 3. Nf3 b6 4. g3 Ba6 5. b3 d5 6. Bg2 Bb4+ 7. Bd2 Be7 8. cxd5 Nxd5 9. Nc3 Nxc3 10. Bxc3 Bb7 11. O-O O-O 12. Qc2 f5 13. Ne1 Qc8 14. Bb2 Bd6 15. e4 Na6 16. e5 Bb4 17. Qc4 Re8 18. Nd3 Bxg2 19. Kxg2 Qb7+ 20. f3 Bf8 21. a4 c6 22. Rac1 Rac8 23. Nf4 b5 24. axb5 cxb5 25. Qe2 Nc7 26. Nd3 Nd5 27. Qd2 Qb6 28. Rxc8 Rxc8 29. Rc1 Rc6 30. Nc5 a5 31. Ba3 b4 32. Bb2 Qb5 33. Na4 Be7 34. Rxc6 Qxc6 35. Kf2 Kf7 36. Qd3 Ke8 37. Qc4 Kd7 38. Bc1 g5 39. h3 Nb6 40. Nxb6+ Qxb6 41. Ke2 Qb7 42. g4 f4 43. Bb2 Qc6 44. Qxc6+ Kxc6 45. Kd3 Kd5 46. Bc1 Bd8 47. Bb2 Bc7 48. Ba1 Bb6 49. Bb2 1/2-1/2

[Event "Wch-U18"]
[Site "Heraklio GRE"]
[Date "2004.11.07"]
[Round "5"]
[White "Pashikian, Arman"]
[Black "Gerzhoy, Leonid"]
[Result "0-1"]
[WhiteElo "2473"]
[BlackElo "2372"]
[PlyCount "116"]
[GameId "2129405123222313"]
[EventDate "2004.11.04"]
[EventType "swiss"]
[EventRounds "11"]
[EventCountry "GRE"]
[SourceTitle "The Week in Chess 522"]
[Source "Mark Crowther"]
[SourceDate "2004.11.08"]
[SourceVersion "1"]
[SourceVersionDate "2004.11.08"]
[SourceQuality "2"]

1. d4 Nf6 2. c4 e6 3. Nc3 Bb4 4. e3 O-O 5. Nge2 d5 6. a3 Be7 7. cxd5 Nxd5 8. Bd2 c5 9. Nxd5 exd5 10. dxc5 Bxc5 11. Bb4 Bxb4+ 12. axb4 Bg4 13. Qd2 Bxe2 14. Bxe2 Nc6 15. b5 Ne7 16. O-O Qd6 17. Ra4 Rfc8 18. h3 b6 19. Bd3 Rc7 20. Qb4 Qxb4 21. Rxb4 Rd8 22. g4 f6 23. Ra1 g6 24. Rba4 Rdd7 25. Kf1 Kf7 26. Ke2 Ke6 27. h4 Kf7 28. Rh1 Kg7 29. Kd2 Rd8 30. Rf4 h6 31. Ra4 Rd6 32. Rha1 Rdd7 33. Rg1 Rd6 34. f3 Rd8 35. Rd4 Rd6 36. Ra4 Rd8 37. g5 f5 38. Rga1 Rdd7 39. R1a3 h5 40. Rc3 Kf7 41. Rd4 Ke6 42. Ra4 Ke5 43. Rd4 Ke6 44. Rb4 Ke5 45. Ra4 Ke6 46. Ra1 Ke5 47. Rac1 Rxc3 48. bxc3 Rc7 49. c4 Rc5 50. cxd5 Rxc1 51. Kxc1 Nxd5 52. Kd2 f4 53. e4 Ne3 54. Ke2 Kd4 55. Bb1 Kc4 56. Bd3+ Kc5 57. Bb1 Kc4 58. Ba2+ Kxb5 0-1

[Event "Skanska op"]
[Site "Pardubice CZE"]
[Date "2004.07.24"]
[Round "2"]
[White "Jirovsky, Milos"]
[Black "Gerzhoy, Leonid"]
[Result "0-1"]
[WhiteElo "2521"]
[BlackElo "2376"]
[PlyCount "82"]
[GameId "2129405126226181"]
[EventDate "2004.07.23"]
[EventType "swiss"]
[EventRounds "9"]
[EventCountry "CZE"]
[SourceTitle "The Week in Chess 508"]
[Source "Mark Crowther"]
[SourceDate "2004.08.02"]
[SourceVersion "1"]
[SourceVersionDate "2004.08.02"]
[SourceQuality "2"]

1. Nf3 c5 2. c4 g6 3. d4 cxd4 4. Nxd4 Bg7 5. e4 Nc6 6. Be3 Nf6 7. Nc3 Ng4 8. Qxg4 Nxd4 9. Qd1 Ne6 10. Rc1 d6 11. Be2 O-O 12. O-O Bd7 13. b4 a5 14. a3 axb4 15. axb4 Ra3 16. Nd5 Bc6 17. Qd2 f5 18. exf5 gxf5 19. Rfd1 Kh8 20. f4 b5 21. Bf3 bxc4 22. Rxc4 Ba4 23. Re1 Bb5 24. Rcc1 Rd3 25. Qa2 Nd4 26. Bxd4 Bxd4+ 27. Kh1 e5 28. Be2 Rg8 29. Bxd3 Bxd3 30. Qd2 Be4 31. Rxe4 fxe4 32. Qe2 e3 33. Nxe3 exf4 34. Nd5 Be5 35. Qf3 Qd7 36. Qe4 Rc8 37. Rxc8+ Qxc8 38. Kg1 Qc1+ 39. Kf2 Qd2+ 40. Kf3 Qd1+ 41. Kf2 Bd4+ 0-1

[Event "Aeroflot op B"]
[Site "Moscow RUS"]
[Date "2004.02.21"]
[Round "5"]
[White "Gerzhoy, Leonid"]
[Black "Dzhakaev, Dzhakay"]
[Result "0-1"]
[WhiteElo "2380"]
[BlackElo "2464"]
[PlyCount "62"]
[GameId "2129405129388503"]
[EventDate "2004.02.17"]
[EventType "swiss"]
[EventRounds "9"]
[EventCountry "RUS"]
[SourceTitle "EXT 2005"]
[Source "ChessBase"]
[SourceDate "2004.11.15"]
[SourceVersion "1"]
[SourceVersionDate "2004.11.15"]
[SourceQuality "1"]

1. d4 d6 2. Nf3 Bg4 3. e4 Nf6 4. Nc3 e6 5. Be2 Be7 6. Be3 c6 7. h3 Bh5 8. d5 cxd5 9. exd5 e5 10. Nd2 Bg6 11. g4 h6 12. h4 Nbd7 13. Bd3 Bxd3 14. cxd3 b5 15. Qf3 b4 16. Nce4 Nxe4 17. Nxe4 Qa5 18. g5 hxg5 19. Bxg5 Rc8 20. Rg1 g6 21. Bxe7 Kxe7 22. Nxd6 Kxd6 23. Qxf7 b3+ 24. Kf1 Qb5 25. Rxg6+ Kc7 26. Rc6+ Kb8 27. Qxd7 Qxd3+ 28. Ke1 Rhg8 29. Rxc8+ Rxc8 30. Qa4 Rg8 31. f3 Qe3+ 0-1

[Event "Aeroflot op B"]
[Site "Moscow RUS"]
[Date "2004.02.25"]
[Round "9"]
[White "Gerzhoy, Leonid"]
[Black "Sundararajan, Kidambi"]
[Result "1/2-1/2"]
[WhiteElo "2380"]
[BlackElo "2452"]
[PlyCount "120"]
[GameId "2129405129388627"]
[EventDate "2004.02.17"]
[EventType "swiss"]
[EventRounds "9"]
[EventCountry "RUS"]
[SourceTitle "EXT 2005"]
[Source "ChessBase"]
[SourceDate "2004.11.15"]
[SourceVersion "1"]
[SourceVersionDate "2004.11.15"]
[SourceQuality "1"]

1. d4 d5 2. c4 c6 3. Nc3 Nf6 4. e3 e6 5. Nf3 Nbd7 6. Bd3 dxc4 7. Bxc4 b5 8. Bd3 Bd6 9. O-O O-O 10. Ne4 Nxe4 11. Bxe4 Bb7 12. Bd2 Nf6 13. Bd3 c5 14. Bxb5 Ng4 15. g3 Qf6 16. Be2 Qh6 17. h4 Qg6 18. dxc5 Bxc5 19. Ng5 h6 20. Rc1 Bb6 21. Bf3 hxg5 22. Bxb7 gxh4 23. Rc4 Rad8 24. Rxg4 Rxd2 25. Rxg6 Rxd1 26. Rxd1 fxg6 27. gxh4 Rd8 28. Bf3 Rxd1+ 29. Bxd1 Bd8 30. h5 gxh5 31. Bxh5 a5 32. Kf1 Bf6 33. b3 Kf8 34. Ke2 Ke7 35. Kd3 Bh4 36. f3 Bf2 37. Ke4 Kd6 38. Be8 g5 39. Bb5 Be1 40. Bc4 Bb4 41. Bf1 Bc5 42. Bh3 Ba3 43. Kd3 Bc5 44. Bg4 Ke5 45. e4 Kd6 46. Kc4 Bb4 47. Kb5 e5 48. Kb6 Bc3 49. Bh3 Bb4 50. Bf1 Kd7 51. Ba6 Kd6 52. Bb5 Bc3 53. Bc4 Bb4 54. Bd5 Kd7 55. Bg8 Kd6 56. Kb5 Kc7 57. Bf7 Be1 58. a3 Bd2 59. Kc5 Be3+ 60. Kd5 Bf4 1/2-1/2

[Event "Wch-U16"]
[Site "Halkidiki GRE"]
[Date "2003.10.24"]
[Round "2.9"]
[White "Soskov, Vjatsheslav"]
[Black "Gerzhoy, Leonid"]
[Result "1-0"]
[WhiteElo "2262"]
[BlackElo "2423"]
[PlyCount "105"]
[GameId "2129405131792227"]
[EventDate "2003.10.23"]
[EventType "swiss"]
[EventRounds "11"]
[EventCountry "GRE"]

1. e4 c5 2. Nf3 d6 3. d4 cxd4 4. Nxd4 Nf6 5. Nc3 Nc6 6. Be3 e6 7. f3 Be7 8. Qd2 O-O 9. O-O-O a6 10. g4 Nxd4 11. Bxd4 b5 12. g5 Nd7 13. h4 b4 14. Ne2 a5 15. Kb1 Ne5 16. f4 Nc4 17. Qe1 Qc7 18. Ng3 a4 19. Bxc4 Qxc4 20. b3 axb3 21. cxb3 Qb5 22. Qf1 Qxf1 23. Rhxf1 Bb7 24. f5 e5 25. f6 exd4 26. fxe7 Rfe8 27. Rxd4 Rxe7 28. Rxb4 g6 29. Rd1 Rae8 30. Rdd4 Rd7 31. Kb2 d5 32. Rxb7 Rxb7 33. exd5 f5 34. gxf6 Kf7 35. Ne4 Rd7 36. Kc3 Re5 37. Kc4 Rc7+ 38. Kb5 Rc2 39. a4 Re2 40. Nc5 Re8 41. d6 Kxf6 42. d7 Rb8+ 43. Kc6 Ke7 44. Kc7 Rd8 45. a5 h6 46. a6 g5 47. hxg5 hxg5 48. a7 Re1 49. Kb7 Ra1 50. Na4 Rb1 51. b4 Ra1 52. Nb6 g4 53. Rxg4 1-0

[Event "Israel Int op"]
[Site "Ashdod ISR"]
[Date "2003.10.13"]
[Round "3"]
[White "Ginzburg, Georgy"]
[Black "Gerzhoy, Leonid"]
[Result "1-0"]
[WhiteElo "2162"]
[BlackElo "2423"]
[PlyCount "85"]
[GameId "2129405132165011"]
[EventDate "2003.10.04"]
[EventType "swiss"]
[EventRounds "9"]
[EventCountry "ISR"]
[SourceTitle "The Week in Chess 467"]
[Source "Mark Crowther"]
[SourceDate "2003.10.20"]
[SourceVersion "1"]
[SourceVersionDate "2003.10.20"]
[SourceQuality "2"]

1. e4 c5 2. Nf3 Nc6 3. d4 cxd4 4. Nxd4 Nf6 5. Nc3 d6 6. Bc4 Qb6 7. Ndb5 Bg4 8. Nd5 Nxd5 9. Qxg4 Nf6 10. Qe2 a6 11. Nc3 e6 12. Bb3 Qc7 13. Be3 Na5 14. O-O Be7 15. Rfd1 O-O 16. f3 Rac8 17. Qf2 Nc4 18. Bxc4 Qxc4 19. Rd4 Qc6 20. Rad1 Rfd8 21. R4d2 b5 22. a3 Nd7 23. Bd4 Bf8 24. Ne2 Qb7 25. c3 Rc6 26. Ng3 Nb6 27. Nh5 Rdc8 28. Nf6+ Kh8 29. Bxb6 gxf6 30. Bd4 Be7 31. Qh4 e5 32. Be3 Rg8 33. Qh5 Rg6 34. Qf5 Rc8 35. h4 Rcg8 36. h5 Rg3 37. Rxd6 Rxg2+ 38. Kh1 Re2 39. Rxf6 Rxe3 40. Rxf7 Rg7 41. Rxg7 Kxg7 42. Rg1+ Kh6 43. Rg6+ 1-0

[Event "Israel Int op"]
[Site "Ashdod ISR"]
[Date "2003.10.15"]
[Round "7"]
[White "Erenburg, Sergey"]
[Black "Gerzhoy, Leonid"]
[Result "1-0"]
[WhiteElo "2500"]
[BlackElo "2423"]
[PlyCount "37"]
[GameId "2129405132165050"]
[EventDate "2003.10.04"]
[EventType "swiss"]
[EventRounds "9"]
[EventCountry "ISR"]
[SourceTitle "The Week in Chess 467"]
[Source "Mark Crowther"]
[SourceDate "2003.10.20"]
[SourceVersion "1"]
[SourceVersionDate "2003.10.20"]
[SourceQuality "2"]

1. e4 c5 2. c3 d6 3. d4 Nf6 4. Bd3 g6 5. dxc5 dxc5 6. e5 Nd5 7. Be4 Nc7 8. Qxd8+ Kxd8 9. Be3 Ne6 10. Na3 Nc6 11. O-O-O+ Kc7 12. Nc4 b6 13. f4 Ba6 14. Na3 Bh6 15. g3 Rad8 16. Nf3 f6 17. exf6 exf6 18. Rxd8 Rxd8 19. Rd1 1-0

[Event "Israel Int op"]
[Site "Ashdod ISR"]
[Date "2003.10.17"]
[Round "9"]
[White "Savchenko, Stanislav"]
[Black "Gerzhoy, Leonid"]
[Result "1/2-1/2"]
[WhiteElo "2563"]
[BlackElo "2423"]
[PlyCount "91"]
[GameId "2129405132165076"]
[EventDate "2003.10.04"]
[EventType "swiss"]
[EventRounds "9"]
[EventCountry "ISR"]
[SourceTitle "The Week in Chess 467"]
[Source "Mark Crowther"]
[SourceDate "2003.10.20"]
[SourceVersion "1"]
[SourceVersionDate "2003.10.20"]
[SourceQuality "2"]

1. d4 Nf6 2. c4 e6 3. Nc3 Bb4 4. Qc2 O-O 5. a3 Bxc3+ 6. Qxc3 b6 7. Bg5 Bb7 8. e3 d6 9. Ne2 Nbd7 10. Qd3 e5 11. O-O-O exd4 12. exd4 d5 13. cxd5 h6 14. Bh4 Bxd5 15. Nc3 Bb3 16. Rd2 c6 17. Be2 b5 18. Nxb5 cxb5 19. Qxb3 Qc7+ 20. Qc2 Qa5 21. Kb1 Rfc8 22. Qd3 b4 23. Qb5 Qd8 24. Bg4 g5 25. Bxd7 Nxd7 26. Bg3 bxa3 27. h4 axb2 28. hxg5 Rc1+ 29. Rxc1 bxc1=Q+ 30. Kxc1 hxg5 31. Rc2 Rc8 32. d5 Rxc2+ 33. Kxc2 Qe7 34. d6 Qe4+ 35. Kd2 Qd4+ 36. Ke2 Qg4+ 37. f3 Qe6+ 38. Kf1 f6 39. Qa4 Qf5 40. Qxa7 Qb1+ 41. Kf2 Qc2+ 42. Kg1 Qb1+ 43. Kh2 Qh7+ 44. Kg1 Qb1+ 45. Kh2 Qh7+ 46. Kg1 1/2-1/2

[Event "Olympiad U16"]
[Site "Denizli TUR"]
[Date "2003.08.05"]
[Round "2"]
[White "Gerzhoy, Leonid"]
[Black "Sandalakis, Angelos"]
[Result "1-0"]
[WhiteElo "2410"]
[BlackElo "2138"]
[PlyCount "137"]
[GameId "2129405133940534"]
[EventDate "2003.08.02"]
[EventType "team"]
[EventRounds "10"]
[EventCountry "TUR"]
[SourceTitle "The Week in Chess 457"]
[Source "Mark Crowther"]
[SourceDate "2003.08.11"]
[SourceVersion "1"]
[SourceVersionDate "2003.08.11"]
[SourceQuality "2"]

1. Nf3 Nf6 2. c4 e6 3. g3 d5 4. d4 c6 5. Bg2 dxc4 6. Ne5 Bb4+ 7. Nc3 Nd5 8. Bd2 Nb6 9. Ne4 Bxd2+ 10. Qxd2 f6 11. Nf3 Nd5 12. O-O O-O 13. a4 b6 14. Rfc1 Ba6 15. h4 Qe7 16. h5 Nd7 17. h6 Rac8 18. hxg7 Kxg7 19. Nc3 Rfd8 20. Nh4 Nf8 21. Bxd5 cxd5 22. Kg2 Kg8 23. Rh1 Qg7 24. Nf3 Bb7 25. Rh6 Bc6 26. Rah1 Be8 27. Qf4 Bg6 28. Nh4 Rd7 29. Nxg6 hxg6 30. e4 Re8 31. exd5 exd5 32. Qh4 Kf7 33. Qg4 f5 34. Qd1 Rd6 35. Qd2 Rd7 36. Rh8 a6 37. Ne2 Re4 38. f3 Re8 39. Nc3 Rde7 40. g4 Rd8 41. gxf5 gxf5+ 42. Kf2 Ke8 43. Qf4 Qf6 44. R1h6 Qg7 45. Rh1 Qf6 46. R1h6 Qg7 47. R6h7 Qf6 48. Rxe7+ Kxe7 49. Rh6 Ne6 50. Rxf6 Nxf4 51. Rxb6 Nd3+ 52. Ke2 Rd6 53. Rb7+ Kf6 54. Kd2 Kg5 55. a5 Kf6 56. Na4 Ke6 57. Kc3 Rc6 58. b4 f4 59. Nc5+ Nxc5 60. bxc5 Rc8 61. Rb6+ Ke7 62. Rxa6 Rb8 63. Rb6 Rxb6 64. axb6 Kd7 65. b7 Kc7 66. c6 Kb8 67. Kb4 Kc7 68. Ka5 c3 69. Ka6 1-0

[Event "Olympiad U16"]
[Site "Denizli TUR"]
[Date "2003.08.06"]
[Round "4"]
[White "Gerzhoy, Leonid"]
[Black "Akshayraj, Kore"]
[Result "1-0"]
[WhiteElo "2410"]
[BlackElo "2300"]
[PlyCount "67"]
[GameId "2129405133940628"]
[EventDate "2003.08.02"]
[EventType "team"]
[EventRounds "10"]
[EventCountry "TUR"]
[SourceTitle "The Week in Chess 457"]
[Source "Mark Crowther"]
[SourceDate "2003.08.11"]
[SourceVersion "1"]
[SourceVersionDate "2003.08.11"]
[SourceQuality "2"]

1. Nf3 Nf6 2. c4 g6 3. Nc3 Bg7 4. e4 O-O 5. d4 d6 6. Be2 Bg4 7. Be3 Nfd7 8. Ng1 Bxe2 9. Ngxe2 c5 10. d5 Na6 11. Qd2 Rb8 12. O-O Nc7 13. a4 a6 14. a5 b5 15. axb6 Rxb6 16. Nc1 Qb8 17. b3 f5 18. exf5 Rxf5 19. h3 Qf8 20. Rb1 Ne5 21. N1e2 Qb8 22. Qc2 Rf8 23. Ng3 Qc8 24. Nce4 Nf7 25. Bd2 e6 26. Ba5 Rb7 27. Bc3 exd5 28. Bxg7 Kxg7 29. cxd5 Nb5 30. f4 Qd8 31. b4 Kh6 32. f5 g5 33. f6 Nd4 34. Qd1 1-0

[Event "Olympiad U16"]
[Site "Denizli TUR"]
[Date "2003.08.08"]
[Round "6"]
[White "Kononenko, Dmitry1"]
[Black "Gerzhoy, Leonid"]
[Result "1/2-1/2"]
[WhiteElo "2449"]
[BlackElo "2410"]
[PlyCount "61"]
[GameId "2129405133940736"]
[EventDate "2003.08.02"]
[EventType "team"]
[EventRounds "10"]
[EventCountry "TUR"]
[SourceTitle "The Week in Chess 457"]
[Source "Mark Crowther"]
[SourceDate "2003.08.11"]
[SourceVersion "1"]
[SourceVersionDate "2003.08.11"]
[SourceQuality "2"]

1. e4 c5 2. Nf3 Nc6 3. d4 cxd4 4. Nxd4 Nf6 5. Nc3 d6 6. Be2 e5 7. Nf3 h6 8. O-O Be7 9. Re1 O-O 10. h3 Be6 11. Bf1 Nb8 12. a4 Nbd7 13. a5 a6 14. b3 Qc7 15. Bb2 Rac8 16. Re2 Qc5 17. Qe1 Bd8 18. Nd1 Qc6 19. g3 Bc7 20. Bg2 Rfe8 21. c4 Nc5 22. Re3 Bb8 23. Nd2 Ba7 24. Rc3 b5 25. axb6 Qxb6 26. Kh2 Bd7 27. Ba3 a5 28. Ne3 Qc7 29. Nd5 Nxd5 30. cxd5 Bb5 31. Bf1 1/2-1/2